Billboard Number One Hits Of The 1990's - Statistics

General Stats
  • This quiz has been taken 216 times
  • The average score is 75 of 141
Answer Stats
Answer % Correct
Justify My Love | Take A Bow | This Used To Be My Playground | Vogue Madonna
93%
All The Man That I Need | Exhale (Shoop Shoop) | I Will Always Love You | I'm Your Baby Tonight Whitney Houston
88%
Baby One More Time Britney Spears
86%
Black Or White | You Are Not Alone Michael Jackson
86%
Creep | No Scrubs | Unpretty | Waterfalls TLC
86%
Ice Ice Baby Vanilla Ice
85%
Because You Loved Me | My Heart Will Go On | The Power Of Love Celine Dion
82%
Again | Black Cat | Escapade | +3 others Janet Jackson
80%
Always Be My Baby | Dreamlover | Emotions | +9 others Mariah Carey
80%
Nothing Compares 2 U Sinead O'Connor
80%
Gettin' Jiggy With It Will Smith
78%
Candle In The Win '97 Elton John
75%
Livin' La Vida Loca Ricky Martin
75%
Genie In A Bottle Christina Aguilera
74%
Kiss From A Rose Seal
74%
Wannabe Spice Girls
74%
I Don't Want To Miss A Thing Aerosmith
71%
I'd Do Anything For Love (But I Won't Do That) Meat Loaf
70%
California Love 2Pac ft Dr Dre
66%
Everything I Do (I Do It For You) | Have You Ever Really Loved A Woman Bryan Adams
66%
Praying For Time George Michael
66%
Another Day In Paradise Phil Collins
65%
4 Seasons Of Loneliness | End Of The Road | I'll Make Love To You | On Bended Knee Boyz II Men
64%
Blaze Of Glory Jon Bon Jovi
64%
The Sign Ace Of Base
63%
Believe Cher
62%
Mmmbop Hanson
62%
Rush Rush | The Promise Of A New Day Paula Abdul
61%
Smooth Santana ft Rob Thomas
61%
One Sweet Day Mariah Carey & Boyz II Men
60%
No Diggity Blackstreet ft Dr Dre
59%
I'm Too Sexy Right Said Fred
59%
Bills Bills Bills Destiny's Child
57%
Baby Got Back Sir Mix-A-Lot
57%
It Must Have Been Love | Joyride Roxette
56%
Don't Let The Sun Go Down On Me George Michael & Elton John
55%
Hypnotise The Notorious B.I.G.
55%
Heartbreaker Mariah Carey ft Jay-Z
54%
Un-Break My Heart | You're Makin' Me High Toni Braxton
53%
Wild Wild West Will Smith ft Dru Hill & Kool Moe Dee
53%
How Am I Supposed To Live Without You | When A Man Loves A Woman Michael Bolton
51%
I'll Be Missing You Puff Daddy & Faith Evans ft 112
50%
Cream Prince & The New Power Generation
49%
Doo Wop (That Thing) Lauryn Hill
48%
Black Velvet Alannah Myles
46%
The Boy Is Mine Brandy & Monica
46%
Opposites Attract Paula Abdul & The Wild Pair
46%
I'm Your Angel R.Kelly & Celine Dion
46%
Mo Money Mo Problems The Notorious B.I.G ft Puff Daddy & Mase
46%
Bailamos Enrique Iglesias
45%
Step By Step New Kids On The Block
45%
Can't Nobody Hold Me Down Puff Daddy ft Mase
44%
Jump Kris Kross
43%
Hold On | Release Me | You're In Love Wilson Phillips
43%
Good Vibrations Marky Mark & The Funky Bunch ft Loleatta Holloway
41%
Have You Ever Brandy
40%
Macarena (Bayside Boys Mix) Los Del Rio
40%
Truly Madly Deeply Savage Garden
40%
Gonna Make You Sweat (Everybody Dance Now) C&C Music Factory ft Freedom Williams
39%
More Than Words Extreme
39%
This Is How We Do It Montell Jordan
39%
Informer Snow
39%
(I Can't Help) Falling In Love With You UB40
39%
One Week Barenaked Ladies
36%
All For Love Bryan Adams, Rod Stewart & Sting
34%
Unbelievable EMF
34%
If You Had My Love Jennifer Lopez
34%
Stay (I Missed You) Lisa Loeb & Nine Stories
34%
Bump N Grind R.Kelly
34%
Save The Best For Last Vanessa Williams
33%
I Swear All-4-One
32%
Angel Of Mine | The First Night Monica
32%
Tha Crossroads Bone Thugs-N-Harmony
30%
To Be With You Mr Big
28%
Baby Baby Amy Grant
27%
All 4 Love | I Adore Mi Amor Color Me Badd
24%
All My Life K-Ci & JoJo
24%
Love Will Lead You Back Taylor Dayne
24%
Coming Out Of The Dark Gloria Estefan
22%
Here Comes The Hotstepper Ini Kamoze
22%
Weak SWV
22%
(Can't Live Without Your) Love And Affection Nelson
21%
Nice & Slow Usher
21%
I've Been Thinking About You Londonbeat
20%
Set Adrift On Memory Bliss P.M Dawn
20%
Too Close Next
19%
A Whole New World Peabo Bryson & Regina Belle
18%
Because I Love You (The Postman Song) Stevie B
16%
She Ain't Worth It Glenn Medeiros ft Bobby Brown
15%
How Do You Talk To An Angel The Heights
14%
Romantic Karyn White
13%
Close To You Maxi Priest
12%
I Don't Have The Heart James Ingram
10%
I Like The Way (The Kissing Game) Hi-Five
9%
Freak Me Silk
9%
One More Try Timmy T
9%
Gangsta's Paradise Coolio ft LV
7%
If Wishes Came True Sweet Sensation
7%
The First Time Surface
6%
I'll Be Your Everything Tommy Page
6%
Lately Divine
3%
No matching quizzes found
Score Distribution
Percent of People with Each Score
Percentile by Number Answered
Your Score History
You have not taken this quiz